| 000 | 00895cam a2200253 i 4500 | ||
|---|---|---|---|
| 001 | 3613690 | ||
| 003 | ARRUPE | ||
| 005 | 20161206094105.0 | ||
| 008 | 741021r19741819nyu b 000 0 eng | ||
| 010 | _a 73008280 | ||
| 020 | _a0879680687 | ||
| 040 |
_aDLC _cDLC _dDLC |
||
| 041 | 1 | _aengfre | |
| 050 | 0 | 0 |
_aBL2773 _b.H67 1974 |
| 082 | 0 | 0 | _a230 |
| 100 | 1 |
_aHolbach, Paul Henri Thiry, _cbaron d', _d1723-1789. _927949 |
|
| 245 | 1 | 0 |
_aChristianity unveiled : _bbeing an examination of the principles and effects of the Christian religion / _cby Baron d'Holbach (Paul Henri Thiry Holbach) ; translated from the French of Boulanger by W. M. Johnson. |
| 260 |
_aMemphis : _bGeneral Books, _c2012. |
||
| 300 |
_a38 p. ; _c24 cm. |
||
| 504 | _aIncludes bibliographical references. | ||
| 650 | 0 |
_aRationalism _985 |
|
| 906 |
_a7 _bcbc _corignew _d2 _eocip _f19 _gy-gencatlg |
||
| 942 |
_2lcc _cMONOGRAPH |
||
| 999 |
_c125877 _d125877 |
||